书目信息 |
| 题名: |
地球简史
|
|
| 作者: | ;黄少安 译 ;日本博学俱乐部 著 | |
| 分册: | ||
| 出版信息: | 福州 福建科学技术出版社 2019.9 |
|
| 页数: | 135页 | |
| 开本: | 24cm | |
| 丛书名: | ||
| 单 册: | ||
| 中图分类: | P311 | |
| 科图分类: | ||
| 主题词: | 地球演化--普及读物 | |
| 电子资源: | ||
| ISBN: | 978-7-5335-5603-7 | |
| 000 | 01057nam0 2200265 45 | |
| 001 | 012001001762 | |
| 005 | 20140912112405.0 | |
| 010 | @a978-7-5335-5603-7@dCNY28.00 | |
| 100 | @a20180906d2018 em y0chiy50 ea | |
| 101 | 1 | @achi@cjpn |
| 102 | @aCN@b350000 | |
| 105 | @aa z 000yy | |
| 106 | @ar | |
| 200 | 1 | @a地球简史@Adi qiu jian shi@b专著@dA brief history of the earth@e图解版@f(日)日本博学俱乐部著@g黄少安译@zeng |
| 210 | @a福州@c福建科学技术出版社@d2019.9 | |
| 215 | @a135页@c图@d24cm | |
| 300 | @a并列题名:Brief history of the earth | |
| 330 | @a本书解读了地球诞生至今发生的各种变化,包括地球诞生的奥秘、海洋诞生的秘密、大陆的诞生、大氧化事件、全球冰冻之谜、寒武大爆发、鱼类的时代、植物的繁荣与森林的形成、恐鸟的时代、哺乳类动物的繁荣、喜马拉雅山脉的形成等内容。 | |
| 510 | 1 | @aBrief history of the earth@zeng |
| 606 | 0 | @a地球演化@j普及读物 |
| 690 | @aP311@v5 | |
| 702 | 0 | @a黄少安@Ahuang shao an@4译 |
| 711 | 02 | @c(日)@a日本博学俱乐部@Ari ben bo xue ju le bu@4著 |
| 801 | 0 | @aCN@bBJSDL@c20211011 |
| 905 | @b1337116-9@dP311@e180@f4 | |
| 地球简史=A brief history of the earth:图解版/(日)日本博学俱乐部著/黄少安译.-福州:福建科学技术出版社,2019.9 |
| 135页:图;24cm |
| 并列题名:Brief history of the earth |
| ISBN 978-7-5335-5603-7:CNY28.00 |
| 本书解读了地球诞生至今发生的各种变化,包括地球诞生的奥秘、海洋诞生的秘密、大陆的诞生、大氧化事件、全球冰冻之谜、寒武大爆发、鱼类的时代、植物的繁荣与森林的形成、恐鸟的时代、哺乳类动物的繁荣、喜马拉雅山脉的形成等内容。 |
| ● |
| 相关链接 |
|
|
|
|
正题名:地球简史
索取号:P311/180
 
预约/预借
| 序号 | 登录号 | 条形码 | 馆藏地/架位号 | 状态 | 备注 |
| 1 | 1337116 | 213371162 | 第二样本阅览室/ [索取号:P311/180] | 在馆 | |
| 2 | 1337117 | 213371171 | 第三借阅区/ [索取号:P311/180] | 在馆 | |
| 3 | 1337118 | 213371180 | 第三借阅区/ [索取号:P311/180] | 在馆 | |
| 4 | 1337119 | 213371199 | 第三借阅区/ [索取号:P311/180] | 在馆 |